مكتبة جامعة عجلون الوطنية

فهرس بحث المكتبة

منهج السمين الحلبي في التفسير في كتابه الدر المصون (Record no. 22285)

MARC details
000 -LEADER
fixed length control field 00936nam a2200241Ii 4500
003 - CONTROL NUMBER IDENTIFIER
control field JO-AjNU
008 - FIXED-LENGTH DATA ELEMENTS--GENERAL INFORMATION
fixed length control field 230605s9999||||xx |||||||||||||| ||und||
017 ## - COPYRIGHT OR LEGAL DEPOSIT NUMBER
Copyright or legal deposit number 1428/1189
020 ## - INTERNATIONAL STANDARD BOOK NUMBER
International Standard Book Number 9960-04-719-9
040 ## - CATALOGING SOURCE
Original cataloging agency JO-AjNU
Language of cataloging ara
Description conventions rda
Transcribing agency JO-AjNU
041 ## - LANGUAGE CODE
Language code of text/sound track or separate title ara
050 14 - LIBRARY OF CONGRESS CALL NUMBER
Classification number BP130.S252.D87.2007
100 3# - MAIN ENTRY--PERSONAL NAME
Personal name الدريبي،عيسى بن ناصر بن علي/اعداد,
Relator term author
9 (RLIN) 43523
245 00 - TITLE STATEMENT
Title منهج السمين الحلبي في التفسير في كتابه الدر المصون
250 ## - EDITION STATEMENT
Edition statement ط1
264 31 - PRODUCTION, PUBLICATION, DISTRIBUTION, MANUFACTURE, AND COPYRIGHT NOTICE
Place of production, publication, distribution, manufacture الرياض:مكتبة الملك فهد الوطنية ،2007
300 ## - PHYSICAL DESCRIPTION
Extent 785ص
336 ## - CONTENT TYPE
Content type term text
Content type code txt
Source rdacontent
337 ## - MEDIA TYPE
Media type term unmediated
Media type code n
Source rdamedia
338 ## - CARRIER TYPE
Carrier type term volume
Carrier type code nc
Source rdacarrier
490 0# - SERIES STATEMENT
Series statement سلسلة الرسائل الجامعية74
650 #4 - SUBJECT ADDED ENTRY--TOPICAL TERM
Topical term or geographic name entry element اللغة العربية-نحو-اللغة العربية-قواعد-قرآن كريم-الفاظ-اعراب-علوم
9 (RLIN) 43524
Holdings
Withdrawn status Lost status Source of classification or shelving scheme Damaged status Not for loan Home library Current library Shelving location Date acquired Total Checkouts Full call number Barcode Date last seen Price effective from Koha item type
    Library of Congress Classification     مكتبة جامعة عجلون الوطنية مكتبة جامعة عجلون الوطنية المجموعات العامة 06/06/2023   BP130.S252.D87.2007 A18717 06/06/2023 06/06/2023 Books